00719nam a22002057a 450000500170000001000150001702000260003203500140005803700130007208200140008510000200009924500870011926000480020627000500025430000210030470000150032594200280034099900190036895201260038720170823112906.0 aENG-119984 a9789381110669c150.00 aEN-103516 bDBAD/PUB a361.24092 aPatel, Mohanlal aChhaganbha :cby Mohanlal Patel ; Translated by Nila Shahba pole star of wisdom / aKadibSarva Vidyalaya Kelavani Mandalc2014 aSarva Vidyalaya Kelavani MandalbKadie382715 a151p. c22cm(Hb) aShah, Nila 2ddccENh361.24092mPAT c143688d143688 001040708NFICaBL1bBL1d2017-08-23eDBAD/PUBg150.00l0o361.24092 PATpEN-103516r2017-08-23 00:00:00t1v150.00yEN